| 000 | 00963nam a22002417a 4500 | ||
|---|---|---|---|
| 999 |
_c15609 _d15609 |
||
| 003 | EG-ScBUE | ||
| 005 | 20201124141822.0 | ||
| 008 | 110616s1966 ua k f 000 0 ara d | ||
| 040 |
_aEG-ScBUE _bara _erda _cEG-ScBUE _dEG-ScBUE |
||
| 082 | 0 | 4 |
_a530 _bس ب ع _222 |
| 100 | 1 |
_aسبع، سعيد حسين، _eمؤلف. _925420 |
|
| 245 | 1 | 2 |
_aالطبيعة الحديثة والكهربية / _cتأليف دكتور سعيد حسين السبع، أستاذ الطبيعة المساعد، كلية الهندسة، جامعة الإسكندرية. |
| 250 | _aالطبعة الأولى. | ||
| 264 | 1 |
_aالإسكندرية : _bدار المعارف، _c1966. |
|
| 300 |
_a311 صفحة : _bأشكال ؛ _c24 سم |
||
| 336 |
_2rdacontent _aنص _btxt |
||
| 337 |
_2rdamedia _aبدون وسيط _bn |
||
| 338 |
_2rdacarrier _aمجلد _bnc |
||
| 650 | 7 |
_aالطبيعة _2BUEsh |
|
| 653 |
_bENGGEN _cJanuary2020 |
||
| 655 |
_vReading book _934232 |
||
| 942 |
_2ddc _cBB |
||